Introduction to nanoscale science and technology (Record no. 139986)

000 -LEADER
fixed length control field 00298nmm a2200097Ia 4500
008 - FIXED-LENGTH DATA ELEMENTS--GENERAL INFORMATION
fixed length control field 220120s9999||||xx |||||||||||||||||und||
020 ## - INTERNATIONAL STANDARD BOOK NUMBER
International Standard Book Number 978-0-07-060092-8
100 ## - MAIN ENTRY--PERSONAL NAME
Personal name Di-Ventra, Massimiliano
245 #0 - TITLE STATEMENT
Title Introduction to nanoscale science and technology
260 ## - PUBLICATION, DISTRIBUTION, ETC.
Place of publication, distribution, etc. Springar publications
Name of publisher, distributor, etc. New Delhi
Holdings
Withdrawn status Lost status Damaged status Not for loan Home library Current library Date acquired Barcode Date last seen Price effective from Koha item type
        Central Library Central Library 01/20/2022 CD1537 01/20/2022 01/20/2022 Compact Disc

Powered by Koha